Behaviorální cílení
Testovanie behaviorálneho cielenia reklamy českou internetovou jedničkou Seznamom.cz. Čo je behaviorálne cielená reklama. Používanie tzv. cookies based behaviorálneho cielenia. Uplatnenie behaviorálneho cielenia u cieľových skupín, ktoré nie je možné zacieliť ani geograficky, ani podľa sezónnosti pr...
Guardado en:
| Autor principal: | |
|---|---|
| Formato: | Capítulo de libro |
| Lenguaje: | checo |
| Materias: | |
| Etiquetas: |
Sin Etiquetas, Sea el primero en etiquetar este registro!
|
MARC
| LEADER | 00000naa a2200000 4500 | ||
|---|---|---|---|
| 001 | 0161760 | ||
| 005 | 20231019100625.5 | ||
| 041 | 0 | |a cze | |
| 044 | |a CZ | ||
| 245 | 1 | 0 | |a Behaviorální cílení |c Martin Picek |
| 520 | |a Testovanie behaviorálneho cielenia reklamy českou internetovou jedničkou Seznamom.cz. Čo je behaviorálne cielená reklama. Používanie tzv. cookies based behaviorálneho cielenia. Uplatnenie behaviorálneho cielenia u cieľových skupín, ktoré nie je možné zacieliť ani geograficky, ani podľa sezónnosti produktu a cieľová skupina je pritom na internete dobre vyhranená. Dôsledok behaviotrálneho cielenia - ochota k nákupu. Behaviorálne cielená reklama vhodná najmä pre stredne veľké a veľké firmy. | ||
| 610 | 2 | 0 | |a reklama |
| 610 | 2 | 0 | |a propagácia |
| 610 | 2 | 0 | |a internet |
| 610 | 2 | 0 | |a stránky webové |
| 610 | 2 | 0 | |a spotrebitelia |
| 610 | 2 | 0 | |a marketing |
| 100 | 1 | |a Picek, Martin | |